| 000 | 00544cam a2200205 4500 | ||
|---|---|---|---|
| 008 | 090401t1988 xxu||||| |||| 00| 0 eng d | ||
| 020 | _a0117301892 | ||
| 035 | _a(Sirsi) u59732 | ||
| 041 | _aeng | ||
| 050 | _a346.410438 | ||
| 110 |
_aEngland and Wales _bLaw Commission _93302 |
||
| 245 | _aTransfer of land: implied covenants for title | ||
| 260 |
_aLondon _bHMSO _c1988 |
||
| 300 | _av,57,11p. ; 21cm. | ||
| 350 | _a2.5 | ||
| 490 |
_aLaw Commission Working Paper _v107 |
||
| 650 | _aCONVEYANCING | ||
| 942 | _n0 | ||
| 948 | _c04/03/1997 | ||
| 999 |
_c94177 _d94177 |
||